Asomor Itihas (Record no. 4750)

MARC details
000 -LEADER
fixed length control field 00409cam a2200169ua 4500
008 - FIXED-LENGTH DATA ELEMENTS--GENERAL INFORMATION
fixed length control field 131005n ii |||gr||||Z||||||asm
040 ## - CATALOGING SOURCE
Transcribing agency MAIN
082 ## - DEWEY DECIMAL CLASSIFICATION NUMBER
Classification number 954.162
245 ## - TITLE STATEMENT
Title Asomor Itihas
Statement of responsibility, etc. By Gajendra Adhikari
260 ## - PUBLICATION, DISTRIBUTION, ETC.
Place of publication, distribution, etc. Mirja:
Name of publisher, distributor, etc. Brahmaputra Books,
Date of publication, distribution, etc. 2006.
300 ## - PHYSICAL DESCRIPTION
Extent x,188p.
700 ## - ADDED ENTRY--PERSONAL NAME
Personal name Adhikari,Gajendra,
Relator term
942 ## - ADDED ENTRY ELEMENTS (KOHA)
Koha item type Books
653 ## - INDEX TERM--UNCONTROLLED
Uncontrolled term History
653 ## - INDEX TERM--UNCONTROLLED
Uncontrolled term Asomor Itihas
Holdings
Withdrawn status Lost status Damaged status Not for loan Home library Current library Shelving location Date acquired Total Checkouts Full call number Barcode Date last seen Date last checked out Copy number Price effective from Koha item type
        Central Library, Naharkatiya College Central Library, Naharkatiya College General Stacks 19/09/2020 1 954.162 | ADH 17491 23/02/2026 17/02/2026 1 19/09/2020 Books

Naharkatiya College © 2020. All rights reserved.

Powered By